00490cam a22002051 4500001001300000003000400013005001700017008004100034010001700075035002000092040001800112042001200130050002000142100003000162245002900192260001200221300001900233500001500252999001700267sa 68002247 DLC20260227112441.0881028s1966 xx 000 0 hino  asa 68002247  a(OCoLC)23557099 aDLCcMiUdDLC apremarc00aPK1718.M47bK331 aMitra, Bimal,d1912-1991.10aKathā carita mānasa. c[1966?] a207 p.c23 cm. aRomanized. c78557d78557